000 00786nam a2200193 i 4500
001 97315
003 ES-MaACL
005 20260127062534.0
007 t|
008 050711s1945 sp ||||1| spa d
100 1 _aMarañón Ruiz-Zorrilla, Jesús.
_976321
245 1 0 _aResumen crítico del curso de 1943 a 1944 /
_cleído por el secretario general D. Jesús Marañón Ruiz-Zorrilla en la sesión inaugural del curso 1944-45... y anuario de la Corporación.
260 _aMadrid :
_b[s.n.],
_c1945 (
_fImp. Vda. de Galo Sáez)
300 _a128 p. ;
_c24 cm.
594 _aPrecede al tít.: Real Academia de Jurisprudencia y Legislación.
700 _aReal Academia de Jurisprudencia y Legislación de España
_9217612
852 _aES-MaACL
_j1854-F-15
999 _c97315
_d97315